000 00415nam a22001577a 4500
003 OSt
005 20260423151934.0
008 260423b |||||||| |||| 00| 0 eng d
020 _a9789354518270
040 _cIIMT COLLEGE OH PHARMACY GREATER NOIDA
100 _aMAHADIK, K.R.
245 _aLABORATORY MANUAL OF PHARMACEUTICAL CHEMISTRY
260 _aNEW DELHI
_bNIRALI
_c2023
300 _a139
942 _2ddc
_c06
999 _c67962
_d67962